Music of earlier times: vocal and instrumental examples. 13th century to Bach

Saved in:
Bibliografiske detaljer
Hovedforfatter: Wolf, Johannes (Author)
Format: Bog
Sprog:engelsk
Udgivet: Nueva York Broude Brothers 1950
Fag:
Tags: Tilføj Tag
Ingen Tags, Vær først til at tagge denne postø!

MARC

LEADER 00000nam a2200000 a 4500
001 UCN3567
003 CL-VaPUC
005 20231013114711.0
008 010629e19500000US |||||||||||||||||eng|d
999 |c 296412  |d 296410 
040 |c Pontificia Universidad Católica de Valparaíso 
082 0 4 |a 780.9 WOL 1950  |2 21 
100 0 |a Wolf, Johannes  |e author  |9 460156 
245 1 0 |a Music of earlier times: vocal and instrumental examples. 13th century to Bach 
260 |a Nueva York  |b Broude Brothers  |c 1950 
300 |a 158 p 
583 |a last modification  |c 20010629 00:00:00  |k Rodrigo Vera 
650 0 |a Música, siglo 13  |2 CL-VaPUC  |9 460158 
650 0 |a Música medieval  |9 391244 
650 0 |a Música barroca  |9 306256 
650 0 |a Música vocal   |9 306287 
650 0 |a Música instrumental  |9 375235 
942 |c BK  |2 ddc 
945 |d 20010629 00:00:00  |a crobeson 
952 |0 0  |1 0  |4 0  |6 780_900000000000000_WOL_1950  |7 0  |8 F  |9 350165  |a BIBEDU  |b BIBEDU  |d 2019-11-20  |i 1188690  |o 780.9 WOL 1950  |p 1188690  |r 2023-01-12  |w 2019-11-20  |y BK_F  |k MUS